000 00259nam a2200109Ia 4500
008 200302s9999 xx 000 0 und d
100 _aLawrence chong
245 _aA P D Asia-Pacific Design
260 _bPenguin Books Ltd.
260 _c2009
300 _a459 P.,
999 _c2990
_d2990